01420nam a2200265 a 4500001001000000005001700010041000800027044000800035084002100043100004500064245007200109260007400181300004800255500005400303500004800357500042700405500001100832546002400843650005200867650005600919650003400975650004501009700005001054740005001104BRCA_338020190320204243.0 aeng aenk a669b.D468c19021 aCervantes Saavedra, Miguel ded1547-161610aThe Adventures of Don Quixote of la ManchacBy Miguel de Cervantes. aLondres : Nueva YorkbJ. M. Dent and Co. : E. P. Dutton and Co.c1902 a1 v. en 2 partes (xxi, 532 p.)bil.c20 cm. aContenido : Prólogo del editor. Texto abreviado aEdición : Illustrated by W. Heat Robinson aEdición abreviada en 81 capítulos, precedida de una noticia biográfica sobre la vida y obra de Cervantes, tomada de la biografía escrita por H. E. Watts. Apesar de que cualquier abreviación es mala, la presente no es la peor de ellas. Va adornada con láminas de W. H. Robinson que están bien dibujadas, pero rayan en lo grotesco. Tela; lomo y planos adornados con motivos quijotiles en color Lúdovik Osterc aQM1380 aTexto en : inglés14aNovela españolayÉpoca clásica, 1500-170014aLiteratura españolayÉpoca clásica, 1500-170014aNovela españolaySiglo XVII14aDon Quijote (Personaje ficticio)eNovela1 aRobinson, William Heatd1872-1944eIlustrador0 aEl Ingenioso Hidalgo Don Quijote de la Mancha